Our strange new land : (Record no. 7847)

MARC details
000 -LEADER
fixed length control field 00990nam a22002897a 4500
001 - CONTROL NUMBER
control field 7847
003 - CONTROL NUMBER IDENTIFIER
control field FISKH
005 - DATE AND TIME OF LATEST TRANSACTION
control field 20250812091032.0
008 - FIXED-LENGTH DATA ELEMENTS--GENERAL INFORMATION
fixed length control field 250812b cb ||||| |||| 00| 0 eng d
020 ## - INTERNATIONAL STANDARD BOOK NUMBER
International Standard Book Number 9780439368988
040 ## - CATALOGING SOURCE
Original cataloging agency FISKH
Language of cataloging eng
Transcribing agency FISKH
Modifying agency FISKH
050 ## - LIBRARY OF CONGRESS CALL NUMBER
Classification number PZ7.H4317 O
082 ## - DEWEY DECIMAL CLASSIFICATION NUMBER
Classification number 813
100 ## - MAIN ENTRY--PERSONAL NAME
Personal name Hermes, Patricia
Dates associated with a name (1936–2018)
245 ## - TITLE STATEMENT
Title Our strange new land :
Remainder of title Elizabeth's Jametown Colony diary /
Statement of responsibility, etc. Book One ; By Patricia Hermes
250 ## - EDITION STATEMENT
Edition statement This edition first published in 2002
260 ## - PUBLICATION, DISTRIBUTION, ETC.
Place of publication, distribution, etc. New York :
Name of publisher, distributor, etc. Scholastic,
Date of publication, distribution, etc. 2000
300 ## - PHYSICAL DESCRIPTION
Extent 109 pages :
Dimensions 20 cm
505 ## - FORMATTED CONTENTS NOTE
Formatted contents note J<br/>
520 ## - SUMMARY, ETC.
Summary, etc. Nine-year-old Elizabeth keeps a journal of her experiences in the New World as she encounters Indians, suffers hunger and the death of friends, and helps her father build their first home.<br/>
521 8# - TARGET AUDIENCE NOTE
Target audience note 460<br/>
Source Lexie<br/>
521 8# - TARGET AUDIENCE NOTE
Target audience note J<br/>
Source Raz-Plus<br/>
650 ## - SUBJECT ADDED ENTRY--TOPICAL TERM
Source of heading or term My America
Topical term or geographic name entry element Colonial
650 ## - SUBJECT ADDED ENTRY--TOPICAL TERM
Source of heading or term Virginia
Topical term or geographic name entry element Jamestown
942 ## - ADDED ENTRY ELEMENTS (KOHA)
Source of classification or shelving scheme Dewey Decimal Classification
Koha item type Books
Suppress in OPAC No
Holdings
Withdrawn status Lost status Source of classification or shelving scheme Damaged status Not for loan Collection Home library Current library Shelving location Date acquired Total Checkouts Full call number Barcode Date last seen Copy number Price effective from Koha item type
    Dewey Decimal Classification     Juvenile Fiction Footprints International School Library Network Toul Tom Poung Campus Footprints International School Library Network Toul Tom Poung Campus TTP Primary Dark Blue Bookshelves 08/12/2025   HER 813 PZ7.H4317 O FISTK00341 08/12/2025 1 08/12/2025 Books